Why we love the way we do / (Record no. 145382)

MARC details
000 -LEADER
fixed length control field 00712nam a22001937a 4500
005 - DATE AND TIME OF LATEST TRANSACTION
control field 20180108152853.0
010 ## - LCCN (DPL NO)
LC control number 1718EN-30
020 ## - INTERNATIONAL STANDARD BOOK NUMBER
International Standard Book Number 9789385724183
Terms of availability 250.00
035 ## - SYSTEM CONTROL NUMBER
System control number B-683057-3058
037 ## - SOURCE OF ACQUISITION
Source of stock number/acquisition Aakar
Stock number dpl
082 ## - DEWEY DECIMAL CLASSIFICATION NUMBER
Classification number 302
100 ## - MAIN ENTRY--PERSONAL NAME
Personal name Shenoy, Preeti
245 ## - TITLE STATEMENT
Title Why we love the way we do /
Statement of responsibility, etc by Preeti Shenoy
260 ## - PUBLICATION, DISTRIBUTION, ETC. (IMPRINT)
Place of publication, distribution, etc New Delhi
Name of publisher, distributor, etc Westlnd
Date of publication, distribution, etc 2015
270 ## - ADDRESS
Address 93, I Floor, Sham Lal Road, Daryaganj,
City New Delhi
Postal code 110002
300 v# - PHYSICAL DESCRIPTION
Extent xv,262p.
Dimensions 19cm(pbk)
942 ## - ADDED ENTRY ELEMENTS (KOHA)
Source of classification or shelving scheme Dewey Decimal Classification
Item type English Books
Call number suffix SHE
Classification part 302
Holdings
Withdrawn status Lost status Not for loan Collection code Home library Current library Date acquired Source of acquisition Cost, normal purchase price Full call number Barcode Copy number Cost, replacement price Koha item type
      Non-fiction Ashok Vihar Ashok Vihar 08/01/2018 Aakar/I-2013/30.11.17/BPPD/EN/2017-18/631/20.11.17/14.12.2017 250.00 302 SHE B-683058 1 250.00 English Books
      Non-fiction Central Library Central Library 08/01/2018 Aakar/I-2013/30.11.17/BPPD/EN/2017-18/631/20.11.17/14.12.2017 250.00 302 SHE B-683057 1 250.00 English Books

© Delhi Public Library
Hit Counter
free hit counter